[Event "Oberliga Nord W 2122"]
[Site "Germany"]
[Date "2022.04.24"]
[Round "5.1"]
[White "Boettcher, Christian"]
[Black "Hoeffer, David"]
[Result "0-1"]
[WhiteElo "2206"]
[BlackElo "2313"]
[PlyCount "116"]
[EventDate "2021.10.10"]
[EventType "team-tourn"]
[EventRounds "9"]
[EventCountry "GER"]
[SourceTitle "EXT 2023"]
[Source "ChessBase"]
[SourceDate "2022.10.05"]
[SourceVersion "1"]
[SourceVersionDate "2022.10.05"]
[SourceQuality "1"]
[WhiteTeam "Hellern"]
[BlackTeam "Delmenhorst"]
[WhiteTeamCountry "GER"]
[BlackTeamCountry "GER"]

1. e4 c5 2. Nf3 d6 3. c3 Nf6 4. Be2 Nbd7 5. d3 b6 6. 0-0 Bb7 7. Re1 e6 8. Bf4 e5 9. Bg3 Be7 10. Nbd2 Nh5 11. d4 Nxg3 12. hxg3 0-0 13. Bc4 Rc8 14. dxe5 Nxe5 15. Nxe5 dxe5 16. Nf3 Qc7 17. Bd5 Rcd8 18. c4 Bc8 19. Qb3 Qd6 20. Qc3 Bf6 21. Red1 Qe7 22. Rd3 g5 23. Nh2 g4 24. Qe1 h5 25. a3 Kg7 26. b4 Bg5 27. Rad1 f5 28. exf5 Bxf5 29. Be4 Bxe4 30. Qxe4 Rd4 31. Qe2 Rfd8 32. f3 e4 33. Rxd4 cxd4 34. fxe4 Be3+ 35. Kh1 Qxe4 36. Nf1 Re8 37. c5 bxc5 38. bxc5 Bg5 39. Qc4 Bf6 40. Nd2 Qe3 41. Nb3 Qxg3 42. Nd2 Qf4 43. Qd5 Re5 44. Qd7+ Kg6 45. c6 Re7 46. Qd5 Be5 47. Nf1 Rf7 48. Qc4 Kg7 49. Kg1 h4 50. Qe2 Bc7 51. Rd3 Kh6 52. g3 hxg3 53. Nxg3 Qc1+ 54. Kh2 Qxc6 55. Rxd4 Qf3 56. Qe6+ Rf6 57. Qxg4 Qf2+ 58. Kh3 Bxg3 0-1

[Event "GER-ch Net blitz sf"]
[Site "Playchess.com INT"]
[Date "2021.06.05"]
[Round "3"]
[White "Boettcher, Christian"]
[Black "Loew, Gerald"]
[Result "1-0"]
[WhiteElo "2186"]
[BlackElo "2084"]
[PlyCount "75"]
[EventDate "2021.06.05"]
[EventType "swiss (blitz)"]
[EventRounds "13"]
[EventCountry "GER"]
[SourceTitle "EXT 2023"]
[Source "ChessBase"]
[SourceDate "2022.10.05"]
[SourceVersion "1"]
[SourceVersionDate "2022.10.05"]
[SourceQuality "1"]

1. e4 Nf6 2. d3 c5 3. Nf3 Nc6 4. g3 d5 5. Nbd2 dxe4 6. dxe4 Bg4 7. h3 Bh5 8. Bg2 e6 9. 0-0 Be7 10. c3 0-0 11. Qe2 Qc7 12. e5 Nd5 13. a4 a5 14. Nc4 Rad8 15. Rd1 Rd7 16. Bd2 Rfd8 17. Be1 h6 18. Rac1 b6 19. Bd2 Kh8 20. g4 Bg6 21. g5 hxg5 22. Nxg5 Kg8 23. h4 Bf5 24. Qh5 Bg6 25. Qe2 Bf5 26. Be4 Bxe4 27. Qxe4 Bxg5 28. Bxg5 Nde7 29. Rxd7 Rxd7 30. h5 Nf5 31. Kg2 Nce7 32. Rh1 Qc6 33. Qxc6 Nxc6 34. Nxb6 Rd2 35. Nc4 Rc2 36. Kf3 Nce7 37. Bc1 Nd5 38. Na3 1-0

[Event "GER-ch Net blitz sf"]
[Site "Playchess.com INT"]
[Date "2021.06.05"]
[Round "6"]
[White "Boettcher, Christian"]
[Black "Seul, Georg"]
[Result "1-0"]
[WhiteElo "2186"]
[BlackElo "2121"]
[PlyCount "73"]
[EventDate "2021.06.05"]
[EventType "swiss (blitz)"]
[EventRounds "13"]
[EventCountry "GER"]
[SourceTitle "EXT 2023"]
[Source "ChessBase"]
[SourceDate "2022.10.05"]
[SourceVersion "1"]
[SourceVersionDate "2022.10.05"]
[SourceQuality "1"]

1. e4 e5 2. Nf3 Nc6 3. d4 exd4 4. Nxd4 Bc5 5. Nxc6 bxc6 6. Bd3 Nf6 7. Bg5 h6 8. Bh4 d6 9. h3 Qe7 10. 0-0 g5 11. Bg3 Nd7 12. Nd2 Ne5 13. Nf3 f6 14. Nxe5 fxe5 15. Qh5+ Qf7 16. Qxf7+ Kxf7 17. c3 Be6 18. b4 Bb6 19. Ba6 c5 20. a3 cxb4 21. axb4 h5 22. h4 Rag8 23. Kh2 gxh4 24. Bxh4 Rg4 25. g3 Rxe4 26. f3 Re3 27. f4 e4 28. f5 Bd5 29. c4 Bc6 30. c5 dxc5 31. Bc4+ Kf8 32. Rad1 Kg7 33. f6+ Kh6 34. f7 Rc3 35. Rf6+ Kg7 36. Rxc6 Rxc4 37. Bf6+ 1-0

[Event "GER-ch Net blitz qual1"]
[Site "Playchess.com INT"]
[Date "2021.04.24"]
[Round "10"]
[White "Boettcher, Christian"]
[Black "Di Capua, Francesco Stefano"]
[Result "1-0"]
[WhiteElo "2168"]
[BlackElo "2021"]
[PlyCount "75"]
[EventDate "2021.04.24"]
[EventType "swiss (blitz)"]
[EventRounds "11"]
[EventCountry "GER"]
[SourceTitle "CBM 202 Extra"]
[Source "ChessBase"]
[SourceDate "2021.07.31"]
[SourceVersion "1"]
[SourceVersionDate "2021.07.31"]
[SourceQuality "1"]

1. e4 e5 2. Nf3 Nc6 3. d4 exd4 4. Nxd4 Bc5 5. Nxc6 Qf6 6. Qd2 Qxc6 7. Bd3 Nf6 8. 0-0 0-0 9. Nc3 d6 10. Nd5 Nxd5 11. exd5 Qb6 12. c3 a5 13. b3 c6 14. Qc2 g6 15. a3 Qc7 16. Bh6 Re8 17. b4 Bb6 18. dxc6 bxc6 19. Rfe1 Be6 20. Qb2 Qa7 21. bxa5 Bc5 22. a6 Rab8 23. Qd2 d5 24. Qf4 Rb3 25. Qf6 Bf8 26. Bxf8 Rxf8 27. Re3 Rfb8 28. h4 c5 29. h5 Kf8 30. Qh8+ Ke7 31. Qxh7 c4 32. Bxg6 Kd6 33. Bf5 Qxa6 34. Bxe6 fxe6 35. Rxe6+ Kc5 36. Rxa6 R3b6 37. Rxb6 Rxb6 38. Qc7+ 1-0

[Event "GER-ch Net blitz qual1"]
[Site "Playchess.com INT"]
[Date "2021.04.24"]
[Round "8"]
[White "Boettcher, Christian"]
[Black "Flach, Erich"]
[Result "1-0"]
[WhiteElo "2168"]
[BlackElo "2001"]
[PlyCount "127"]
[EventDate "2021.04.24"]
[EventType "swiss (blitz)"]
[EventRounds "11"]
[EventCountry "GER"]
[SourceTitle "CBM 202 Extra"]
[Source "ChessBase"]
[SourceDate "2021.07.31"]
[SourceVersion "1"]
[SourceVersionDate "2021.07.31"]
[SourceQuality "1"]

1. e4 c5 2. Nf3 e6 3. d3 Nc6 4. g3 g6 5. Bg5 Qb6 6. Nbd2 d5 7. exd5 exd5 8. Bg2 Bg7 9. 0-0 Nge7 10. Re1 Be6 11. c3 0-0 12. Qb3 h6 13. Bf4 Rfe8 14. h4 Bf5 15. Qxb6 axb6 16. Bc7 Ra6 17. Bf1 b5 18. d4 c4 19. Bd6 Raa8 20. a3 Bf8 21. Bf4 Bg7 22. Re3 Kh7 23. Rae1 Bf6 24. Nh2 Bd7 25. Bd6 Nf5 26. Rxe8 Rxe8 27. Rxe8 Bxe8 28. Bc5 Bd7 29. Ng4 Bg7 30. Bh3 h5 31. Nh2 Be6 32. Nhf3 Kg8 33. Ng5 Nfxd4 34. cxd4 Bxh3 35. Nxh3 Nxd4 36. Nf4 Nc2 37. Nxd5 Bxb2 38. a4 bxa4 39. Nxc4 b5 40. Nxb2 a3 41. Bxa3 Nxa3 42. Nd3 Nc4 43. Kf1 Kf8 44. Ke2 Ke8 45. N5b4 Kd7 46. Kf3 Ke6 47. Ke4 f6 48. Kd4 Kd6 49. Nf4 Ne5 50. Nxg6 Nxg6 51. Nd3 Kc6 52. f3 Ne5 53. Nb4+ Kd6 54. Ke4 Kc5 55. Na6+ Kc4 56. f4 Ng4 57. Kf5 b4 58. Nxb4 Kxb4 59. Kg6 Kc4 60. Kxh5 f5 61. Kg5 Ne3 62. h5 Kd5 63. h6 Ke6 64. h7 1-0

[Event "Oberliga Nord W 1920"]
[Site "Germany"]
[Date "2020.01.19"]
[Round "5.3"]
[White "Nuesken, Nikolas"]
[Black "Boettcher, Christian"]
[Result "0-1"]
[WhiteElo "2325"]
[BlackElo "2182"]
[PlyCount "66"]
[EventDate "2019.09.29"]
[EventType "team-tourn"]
[EventRounds "9"]
[EventCountry "GER"]
[SourceTitle "CBM 195 Extra"]
[Source "ChessBase"]
[SourceDate "2020.05.31"]
[SourceVersion "1"]
[SourceVersionDate "2020.05.31"]
[SourceQuality "1"]

1. d4 f5 2. Bf4 Nf6 3. e3 e6 4. Nf3 Be7 5. Bd3 0-0 6. h3 d5 7. g4 c5 8. dxc5 Qa5+ 9. Nbd2 Qxc5 10. Nb3 Qb6 11. gxf5 exf5 12. Rg1 Nc6 13. Bh6 Rf7 14. Qe2 Bd7 15. c3 Ne4 16. Bf4 Bf6 17. Nfd4 Ne5 18. Rd1 a5 19. f3 Bh4+ 20. Kf1 Nxd3 21. Rxd3 Nf2 22. Rd2 Nxh3 23. Qh2 Qa6+ 24. Kg2 Nxf4+ 25. Qxf4 Be7 26. Ne2 a4 27. Nbd4 Bd6 28. Qg5 Be7 29. Qh5 Rf6 30. Qh2 Bd6 31. Qh4 Rh6 32. Qe1 Rh2+ 33. Kf1 f4 0-1

[Event "Oberliga Nord W 1920"]
[Site "Germany"]
[Date "2019.09.29"]
[Round "1.3"]
[White "Stotyn, Fabian"]
[Black "Boettcher, Christian"]
[Result "1/2-1/2"]
[WhiteElo "2253"]
[BlackElo "2191"]
[PlyCount "133"]
[EventDate "2019.09.29"]
[EventType "team-tourn"]
[EventRounds "9"]
[EventCountry "GER"]
[SourceTitle "CBM 195 Extra"]
[Source "ChessBase"]
[SourceDate "2020.05.31"]
[SourceVersion "1"]
[SourceVersionDate "2020.05.31"]
[SourceQuality "1"]

1. e4 c6 2. d4 d5 3. exd5 cxd5 4. Bd3 Nc6 5. c3 Nf6 6. Bf4 g6 7. Nd2 Bg7 8. Ne2 Bf5 9. Bxf5 gxf5 10. Ng3 Qd7 11. f3 0-0 12. Nb3 b6 13. Qd3 e6 14. 0-0 Kh8 15. Qe3 Rg8 16. Nc1 Na5 17. Nd3 Nc4 18. Qe2 Rac8 19. Ne5 Nxe5 20. dxe5 Ne8 21. Rfd1 Bf8 22. Nh5 Be7 23. Rd3 Bg5 24. Bxg5 Rxg5 25. f4 Rg6 26. Rad1 Kg8 27. c4 Rxc4 28. Rxd5 exd5 29. Qxc4 Rc6 30. Qxd5 Qxd5 31. Rxd5 Kf8 32. Rd2 Ke7 33. Kf2 Rh6 34. Ng3 Nc7 35. h3 Rc6 36. Ke3 Rc4 37. Ne2 Ne6 38. g3 h5 39. Nc3 Nc7 40. Rd6 h4 41. gxh4 Ne6 42. Nd5+ Kf8 43. Nf6 Nxf4 44. Rd8+ Kg7 45. Ne8+ Kg6 46. Nd6 Nd5+ 47. Kf3 Rxh4 48. Kg3 Rd4 49. Rg8+ Kh7 50. Rg7+ Kxg7 51. Nxf5+ Kg6 52. Nxd4 Nb4 53. Kg4 Nd3 54. Nc6 a5 55. b4 axb4 56. h4 b5 57. h5+ Kh6 58. Kf5 Kxh5 59. Kf6 Kg4 60. Kxf7 Nxe5+ 61. Nxe5+ Kf5 62. Nc6 Ke4 63. Ke6 Kd3 64. Kd5 Kc3 65. Kc5 b3 66. axb3 Kxb3 67. Kxb5 1/2-1/2

[Event "Oberliga Nord W 1819"]
[Site "Germany"]
[Date "2018.12.16"]
[Round "4.2"]
[White "Boettcher, Christian"]
[Black "Varga, Zoltan"]
[Result "1/2-1/2"]
[WhiteElo "2188"]
[BlackElo "2448"]
[PlyCount "55"]
[EventDate "2018.10.21"]
[EventType "team-tourn"]
[EventRounds "9"]
[EventCountry "GER"]
[SourceTitle "EXT 2020"]
[Source "ChessBase"]
[SourceDate "2019.10.17"]
[SourceVersion "1"]
[SourceVersionDate "2019.10.17"]
[SourceQuality "1"]
[WhiteTeam "Hellern"]
[BlackTeam "Tostedt"]
[WhiteTeamCountry "GER"]
[BlackTeamCountry "GER"]

1. Nf3 d5 2. g3 c6 3. Bg2 Nf6 4. d3 Bg4 5. Nbd2 Nbd7 6. 0-0 e5 7. e4 dxe4 8. dxe4 Bc5 9. Qe2 0-0 10. h3 Bh5 11. Nb3 Bb6 12. Be3 Bxe3 13. Qxe3 Qb6 14. Rfe1 Bxf3 15. Bxf3 Rfd8 16. Qc3 a5 17. a4 h5 18. Re3 Qb4 19. Rd1 Qxa4 20. Ra1 Qb4 21. Rxa5 Qxc3 22. Rxc3 Nb6 23. Rxa8 Rxa8 24. Nc5 Ra1+ 25. Kg2 Na4 26. Nxa4 Rxa4 27. Rb3 Ra7 28. Be2 1/2-1/2

[Event "Oberliga Nord W 1718"]
[Site "Germany"]
[Date "2017.10.08"]
[Round "1.2"]
[White "Ewert, Hannes"]
[Black "Boettcher, Christian"]
[Result "1-0"]
[WhiteElo "2285"]
[BlackElo "2188"]
[PlyCount "127"]
[EventDate "2017.10.08"]
[EventType "team-tourn"]
[EventRounds "9"]
[EventCountry "GER"]
[SourceTitle "EXT 2019"]
[Source "ChessBase"]
[SourceDate "2018.10.10"]
[SourceVersion "1"]
[SourceVersionDate "2018.10.10"]
[SourceQuality "1"]
[WhiteTeam "Hellern"]
[BlackTeam "Goettingen Tempo"]
[WhiteTeamCountry "GER"]
[BlackTeamCountry "GER"]

1. d4 f5 2. c4 Nf6 3. Nc3 g6 4. g3 Bg7 5. Bg2 0-0 6. Nh3 d6 7. 0-0 Nc6 8. d5 Ne5 9. Qb3 Ned7 10. Rd1 e5 11. dxe6 Nc5 12. Qc2 Nxe6 13. Nd5 Ne8 14. Be3 c6 15. Nc3 Qe7 16. Qd2 Nc5 17. Bd4 Nf6 18. f3 Be6 19. b3 Rfd8 20. Qe3 Kf8 21. Rac1 Bf7 22. Qxe7+ Kxe7 23. Nf2 Ne6 24. Be3 Nc7 25. Nd3 d5 26. cxd5 Nfxd5 27. Nxd5+ Nxd5 28. Bc5+ Ke8 29. Re1 b6 30. Bf2 Rac8 31. e4 fxe4 32. Rxe4+ Kf8 33. Ne5 Nf6 34. Ra4 Rc7 35. Rxc6 Rd1+ 36. Bf1 Rxc6 37. Nxc6 Bd5 38. Ne5 Ne8 39. Rd4 Rxd4 40. Bxd4 Bxe5 41. Bxe5 Bxf3 42. Bb8 Nf6 43. Bxa7 Nd7 44. Bb5 Ke7 45. Kf2 Bd5 46. Ke3 Kd6 47. Bxd7 Kxd7 48. Kd4 Kc6 49. Bxb6 Be6 50. Bd8 Kb5 51. Kc3 Bd7 52. a4+ Ka6 53. Kb4 Be6 54. Ka3 Bf5 55. b4 Bd7 56. b5+ Kb7 57. Kb4 Kc8 58. Bb6 g5 59. a5 h5 60. Be3 g4 61. a6 Bf5 62. Bf4 Bd3 63. Ka5 Be2 64. b6 1-0

[Event "Oberliga Nord W 1617"]
[Site "Germany"]
[Date "2017.03.19"]
[Round "7.5"]
[White "Boettcher, Christian"]
[Black "Heinemann, Ernst"]
[Result "1-0"]
[WhiteElo "2180"]
[BlackElo "2114"]
[PlyCount "137"]
[EventDate "2016.10.16"]
[EventType "team-tourn"]
[EventRounds "9"]
[EventCountry "GER"]
[SourceTitle "EXT 2018"]
[Source "ChessBase"]
[SourceDate "2017.10.13"]
[SourceVersion "1"]
[SourceVersionDate "2017.10.13"]
[SourceQuality "1"]
[WhiteTeam "Goettingen Tempo"]
[BlackTeam "Oldenburg Union"]
[WhiteTeamCountry "GER"]
[BlackTeamCountry "GER"]

1. e4 c6 2. d3 g6 3. Nf3 Bg7 4. g3 d6 5. Bg2 Qc7 6. 0-0 e5 7. d4 Ne7 8. Be3 0-0 9. Nc3 b6 10. Qd2 Re8 11. Rfd1 Bg4 12. h3 Be6 13. Ng5 Bc8 14. h4 f6 15. Nh3 Bg4 16. f3 Be6 17. Nf2 Nd7 18. f4 Nf8 19. g4 Rad8 20. d5 Bd7 21. fxe5 fxe5 22. Qe2 c5 23. a4 Rb8 24. Nb5 Bxb5 25. axb5 h6 26. Ra3 Rb7 27. Rf1 Nc8 28. Bd2 Re7 29. Rg3 Rf7 30. Bf3 Qe7 31. g5 h5 32. Bxh5 gxh5 33. Qxh5 Qe8 34. Qg4 Rf4 35. Bxf4 exf4 36. Rg2 Ng6 37. Nh3 Bd4+ 38. Kh1 f3 39. Rh2 Ne5 40. Qg3 Qxb5 41. Re1 Ng6 42. h5 Be5 43. Qg4 Qd7 44. Qxd7 Rxd7 45. hxg6 Bxh2 46. Kxh2 Rg7 47. Kg3 Ne7 48. Rf1 Nxg6 49. Rxf3 Ne5 50. Rf6 Rd7 51. Kf4 b5 52. Kf5 a5 53. Ke6 a4 54. Rf1 Rf7 55. Rc1 Rh7 56. Ng1 Nf7 57. Nf3 Rh3 58. g6 Nd8+ 59. Kd7 Rxf3 60. Kxd8 Rf6 61. Kc7 Rxg6 62. e5 dxe5 63. d6 Kf7 64. d7 Rg8 65. d8Q Rxd8 66. Kxd8 Ke6 67. Kc7 Kd5 68. Kb6 Kc4 69. Re1 1-0

[Event "Oberliga Nord W 1415"]
[Site "Germany"]
[Date "2015.04.12"]
[Round "9.5"]
[White "Boettcher, Christian"]
[Black "Happe, Reinhold"]
[Result "1/2-1/2"]
[WhiteElo "2191"]
[BlackElo "2102"]
[PlyCount "52"]
[EventDate "2014.09.22"]
[EventType "team-tourn"]
[EventRounds "9"]
[EventCountry "GER"]
[SourceTitle "EXT 2016"]
[Source "ChessBase"]
[SourceDate "2015.10.08"]
[SourceVersion "1"]
[SourceVersionDate "2015.10.08"]
[SourceQuality "1"]
[WhiteTeam "Goettingen Tempo"]
[BlackTeam "Hellern"]
[WhiteTeamCountry "GER"]
[BlackTeamCountry "GER"]

1. g3 d5 2. Bg2 Nf6 3. Nf3 e6 4. d3 Be7 5. Nbd2 0-0 6. 0-0 c5 7. e4 Nc6 8. Re1 b5 9. e5 Nd7 10. Nf1 a5 11. h4 b4 12. Bf4 a4 13. a3 bxa3 14. bxa3 Ba6 15. Ne3 Na5 16. Nd2 Rc8 17. c4 dxc4 18. Nexc4 Bxc4 19. dxc4 Nb6 20. Qc2 Qc7 21. Be4 h6 22. Qc3 Nc6 23. Rac1 Rfd8 24. Bb1 Nd7 25. Qc2 Nf8 26. Nf3 Nd4 1/2-1/2

[Event "BL2-Nord 1314"]
[Site "Germany"]
[Date "2014.01.19"]
[Round "5.7"]
[White "Kahlert, Thomas"]
[Black "Boettcher, Christian"]
[Result "1/2-1/2"]
[WhiteElo "2228"]
[BlackElo "2185"]
[PlyCount "34"]
[EventDate "2013.10.13"]
[EventType "team-tourn"]
[EventRounds "9"]
[EventCountry "GER"]
[SourceTitle "EXT 2015"]
[Source "ChessBase"]
[SourceDate "2014.11.20"]
[SourceVersion "1"]
[SourceVersionDate "2014.11.20"]
[SourceQuality "1"]
[WhiteTeam "Norderstedt"]
[BlackTeam "Goettingen"]
[WhiteTeamCountry "GER"]
[BlackTeamCountry "GER"]

1. c4 c5 2. Nf3 Nc6 3. Nc3 g6 4. g3 Bg7 5. Bg2 e5 6. 0-0 d6 7. d3 Nge7 8. Rb1 Be6 9. Ng5 Bg4 10. a3 a5 11. h3 Bc8 12. Bd2 0-0 13. Kh2 Rb8 14. Nf3 Be6 15. Ng5 Bc8 16. Nf3 Be6 17. Ng5 Bc8 1/2-1/2

[Event "BL2-Nord 1314"]
[Site "Germany"]
[Date "2013.10.13"]
[Round "1.8"]
[White "Boettcher, Christian"]
[Black "Lai Hop, Duong"]
[Result "1/2-1/2"]
[WhiteElo "2185"]
[BlackElo "2173"]
[PlyCount "82"]
[EventDate "2013.10.13"]
[EventType "team-tourn"]
[EventRounds "9"]
[EventCountry "GER"]
[SourceTitle "EXT 2015"]
[Source "ChessBase"]
[SourceDate "2014.11.20"]
[SourceVersion "1"]
[SourceVersionDate "2014.11.20"]
[SourceQuality "1"]
[WhiteTeam "Goettingen"]
[BlackTeam "Werder Bremen II"]
[WhiteTeamCountry "GER"]
[BlackTeamCountry "GER"]

1. e4 d5 2. exd5 Qxd5 3. Nc3 Qd6 4. d4 Nf6 5. Bc4 c6 6. Nge2 Bf5 7. Bf4 Qb4 8. Bd3 Bxd3 9. Qxd3 e6 10. 0-0 Nbd7 11. Rfe1 Be7 12. Ng3 0-0 13. Bc7 Nb6 14. Nge4 Rac8 15. Be5 Nxe4 16. a3 Qc4 17. Qxe4 Nd7 18. Qf3 Rfd8 19. b3 Nxe5 20. dxe5 Qc5 21. Qg3 Rd4 22. h3 Rcd8 23. Re2 Kf8 24. Kh2 R8d7 25. Ne4 Qb5 26. c4 Qb6 27. Re3 h6 28. f4 Rd1 29. Rxd1 Rxd1 30. Qf3 Qd4 31. Nf2 Rd2 32. Ne4 Rd1 33. b4 Bh4 34. c5 Qa1 35. g3 Be7 36. Nf2 Rd2 37. Rd3 Qe1 38. Kg2 Ke8 39. h4 a5 40. Rxd2 Qxd2 41. Qe4 Kd7 1/2-1/2

[Event "Oberliga Nord W 1011"]
[Site "Germany"]
[Date "2010.10.10"]
[Round "1.8"]
[White "Hilburt, Leonid"]
[Black "Boettcher, Christian"]
[Result "1/2-1/2"]
[WhiteElo "2154"]
[BlackElo "2176"]
[PlyCount "53"]
[EventDate "2010.10.10"]
[EventType "team-tourn"]
[EventRounds "9"]
[EventCountry "GER"]
[SourceTitle "EXT 2012"]
[Source "ChessBase"]
[SourceDate "2011.11.24"]
[SourceVersion "1"]
[SourceVersionDate "2011.11.24"]
[SourceQuality "1"]
[WhiteTeam "Hannover PSC"]
[BlackTeam "Goettingen Tempo"]
[WhiteTeamCountry "GER"]
[BlackTeamCountry "GER"]

1. e4 c6 2. d4 d5 3. Nd2 dxe4 4. Nxe4 Nd7 5. Nf3 Ngf6 6. Nxf6+ Nxf6 7. Ne5 Be6 8. Be2 g6 9. 0-0 Bg7 10. c3 0-0 11. Qc2 Ne8 12. Rd1 Nd6 13. Bf4 Qc8 14. Qc1 Rd8 15. Nd3 b6 16. Bf3 Bd5 17. Bxd5 cxd5 18. Re1 e6 19. Bh6 Qc7 20. Bxg7 Kxg7 21. Re3 Nf5 22. Rh3 h5 23. Qd2 Qe7 24. Re1 Rh8 25. Qf4 Rac8 26. Qe5+ Qf6 27. Qxf6+ 1/2-1/2

[Event "Nordhausen op 9th"]
[Site "Nordhausen"]
[Date "2009.07.31"]
[Round "2"]
[White "Smid, Arend"]
[Black "Boettcher, Christian"]
[Result "0-1"]
[WhiteElo "1969"]
[BlackElo "2178"]
[PlyCount "94"]
[EventDate "2009.07.30"]
[EventType "swiss"]
[EventRounds "7"]
[EventCountry "GER"]
[SourceTitle "CBM 131 Extra"]
[Source "ChessBase"]
[SourceDate "2009.09.03"]
[SourceVersion "2"]
[SourceVersionDate "2009.09.16"]
[SourceQuality "1"]

1. e4 c6 2. d4 d5 3. exd5 cxd5 4. Bd3 Nf6 5. c3 Nc6 6. Bg5 Bg4 7. Ne2 e6 8. Qc2 Be7 9. 0-0 Bh5 10. Nf4 Bg6 11. Nxg6 hxg6 12. Nd2 Qc7 13. g3 Rc8 14. Nf3 Kf8 15. Qe2 Bd6 16. Rfe1 Re8 17. Ne5 Bxe5 18. dxe5 Nd7 19. Bf4 g5 20. Bxg5 Qxe5 21. Qxe5 Ndxe5 22. Be2 f6 23. Be3 Kf7 24. Kg2 Nc4 25. Bf3 N6e5 26. Bxa7 Rxh2+ 27. Kxh2 Nxf3+ 28. Kg2 Nxe1+ 29. Rxe1 Ra8 30. b3 Nd6 31. Be3 Rxa2 32. c4 Rb2 33. cxd5 exd5 34. Rc1 Rxb3 35. Rc7+ Kg6 36. Rd7 Nf5 37. Bc5 d4 38. Bf8 Kh7 39. g4 Kg8 40. Bc5 Nh4+ 41. Kf1 d3 42. f4 Ng6 43. Rd8+ Kh7 44. Be3 Rb4 45. f5 Ne5 46. g5 fxg5 47. Bxg5 Nf7 0-1

[Event "BL2-Nord 0708"]
[Site "Germany"]
[Date "2008.04.20"]
[Round "9.8"]
[White "Boettcher, Christian"]
[Black "Albers, Andreas"]
[Result "1-0"]
[WhiteElo "2146"]
[BlackElo "2000"]
[PlyCount "85"]
[EventDate "2007.10.21"]
[EventType "team-tourn"]
[EventRounds "9"]
[EventCountry "GER"]
[SourceTitle "EXT 2009"]
[Source "ChessBase"]
[SourceDate "2008.11.26"]
[SourceVersion "1"]
[SourceVersionDate "2008.11.26"]
[SourceQuality "1"]
[WhiteTeam "Goettingen Tempo"]
[BlackTeam "Hamburger SK  II"]
[WhiteTeamCountry "GER"]
[BlackTeamCountry "GER"]

1. e4 e6 2. d3 d5 3. Nd2 Nf6 4. g3 dxe4 5. dxe4 e5 6. Ngf3 Bc5 7. Bg2 Nc6 8. 0-0 0-0 9. c3 Qe7 10. b4 Bb6 11. Qe2 Re8 12. Nc4 Bg4 13. h3 Bxf3 14. Bxf3 Qe6 15. Kg2 Rad8 16. Be3 Bxe3 17. Nxe3 Nb8 18. Qc2 Rd6 19. Rfd1 Red8 20. Be2 Rxd1 21. Nxd1 Qc6 22. Bf3 Nbd7 23. Ne3 Nf8 24. Re1 Ne6 25. Nd5 Rd7 26. Qd3 Kh8 27. h4 Qd6 28. Qe3 a6 29. Nxf6 gxf6 30. Qh6 Qe7 31. Re3 Rd6 32. Bg4 f5 33. exf5 Ng7 34. f6 Rxf6 35. Qg5 e4 36. Bh3 h6 37. Qd5 Rd6 38. Qxe4 Qf6 39. Qe5 Qg6 40. Qe7 Qf6 41. Qxc7 Rd2 42. Rf3 Qc6 43. Qc8+ 1-0

[Event "BL2-Nord 0708"]
[Site "Germany"]
[Date "2007.11.25"]
[Round "3.6"]
[White "Glienke, Manfred"]
[Black "Boettcher, Christian"]
[Result "1-0"]
[WhiteElo "2309"]
[BlackElo "2146"]
[PlyCount "83"]
[EventDate "2007.10.21"]
[EventType "team-tourn"]
[EventRounds "9"]
[EventCountry "GER"]
[SourceTitle "EXT 2009"]
[Source "ChessBase"]
[SourceDate "2008.11.26"]
[SourceVersion "1"]
[SourceVersionDate "2008.11.26"]
[SourceQuality "1"]
[WhiteTeam "Kreuzberg  II"]
[BlackTeam "Goettingen Tempo"]
[WhiteTeamCountry "GER"]
[BlackTeamCountry "GER"]

1. Nf3 c5 2. c4 Nc6 3. Nc3 g6 4. e3 d6 5. Be2 Bg7 6. 0-0 e5 7. a3 Nge7 8. Rb1 a5 9. d3 0-0 10. Nd5 Rb8 11. h3 Bd7 12. Bd2 Nxd5 13. cxd5 Ne7 14. e4 a4 15. Nh2 b5 16. f4 f5 17. fxe5 Bxe5 18. Nf3 Bg7 19. Bc3 b4 20. Bxg7 Kxg7 21. Qc2 Rc8 22. Nd2 Bb5 23. Nc4 Rb8 24. Rfe1 Ng8 25. Bf3 Nh6 26. e5 dxe5 27. Nxe5 Qd6 28. Rbc1 Rbc8 29. Nc6 bxa3 30. Qc3+ Rf6 31. Re6 Qf8 32. bxa3 Ng8 33. Rb1 Bxc6 34. dxc6 Kh6 35. Re5 Rd6 36. Rxc5 Rxd3 37. Qc1+ Kg7 38. Rc3 Rd6 39. c7 Ne7 40. Bb7 Qf6 41. Bxc8 Nxc8 42. Rc4 1-0

[Event "Bad Harzburg op"]
[Site "Bad Harzburg"]
[Date "2007.10.23"]
[Round "1"]
[White "Gottwald, Lutz"]
[Black "Boettcher, Christian"]
[Result "0-1"]
[WhiteElo "1726"]
[BlackElo "2146"]
[PlyCount "50"]
[EventDate "2007.10.23"]
[EventType "swiss"]
[EventRounds "7"]
[EventCountry "GER"]
[SourceTitle "EXT 2009"]
[Source "ChessBase"]
[SourceDate "2008.11.26"]
[SourceVersion "1"]
[SourceVersionDate "2008.11.26"]
[SourceQuality "1"]

1. d4 f5 2. c4 Nf6 3. g3 g6 4. Bg2 Bg7 5. Nc3 0-0 6. Nh3 d6 7. d5 Na6 8. 0-0 Nc5 9. Qc2 e5 10. dxe6 Nxe6 11. Nf4 c6 12. Rb1 Qe7 13. b3 Nc5 14. Ba3 g5 15. Nh3 h6 16. e3 f4 17. Rfe1 f3 18. Bf1 Qf7 19. Kh1 Qh5 20. Ng1 Ng4 21. h3 Bxc3 22. Bxc5 Bxe1 23. Rxe1 dxc5 24. e4 Ne5 25. Qc3 g4 0-1

[Event "Oberliga Nord W 0607"]
[Site "Germany"]
[Date "2007.02.04"]
[Round "5.5"]
[White "Piepho, Niels"]
[Black "Boettcher, Christian"]
[Result "1-0"]
[WhiteElo "2208"]
[BlackElo "2177"]
[PlyCount "135"]
[EventDate "2006.10.15"]
[EventType "team-tourn"]
[EventRounds "9"]
[EventCountry "GER"]
[SourceTitle "EXT 2008"]
[Source "ChessBase"]
[SourceDate "2007.11.25"]
[SourceVersion "1"]
[SourceVersionDate "2007.11.25"]
[SourceQuality "1"]
[WhiteTeam "Hannover PSC"]
[BlackTeam "Goettingen"]
[WhiteTeamCountry "GER"]
[BlackTeamCountry "GER"]

1. Nf3 c5 2. c4 Nc6 3. Nc3 e5 4. g3 g6 5. Bg2 Nge7 6. 0-0 d6 7. d3 Bg7 8. a3 a5 9. Rb1 0-0 10. Nd2 Be6 11. Nd5 Rb8 12. b3 b5 13. Bb2 Qd7 14. e3 f6 15. Ba1 Kh8 16. Qe2 Bg4 17. f3 Be6 18. f4 a4 19. bxa4 Bg4 20. Bf3 Bxf3 21. Qxf3 bxa4 22. Bc3 f5 23. Qd1 Rxb1 24. Qxb1 Rb8 25. Qc2 Nxd5 26. cxd5 Ne7 27. e4 exf4 28. Bxg7+ Kxg7 29. Qc3+ Kg8 30. Rxf4 Rf8 31. Nc4 fxe4 32. Rxf8+ Kxf8 33. Qf6+ Kg8 34. dxe4 Nc8 35. Kg2 Qg4 36. Qf3 Qg5 37. Qf4 Qe7 38. Kf3 Qd7 39. Qf6 Qf7 40. Qf4 Qe7 41. Ke3 Qb7 42. Qg4 Kg7 43. Kd2 Qb5 44. e5 dxe5 45. Qe4 Qb3 46. Qxe5+ Kf8 47. Qh8+ Ke7 48. Qxh7+ Kf6 49. Qh4+ Kf7 50. Qf4+ Kg7 51. Qc7+ Kf6 52. Qxc5 Qa2+ 53. Ke3 Qb3+ 54. Kd2 Qa2+ 55. Kc1 Qa1+ 56. Kc2 Qa2+ 57. Nb2 Qb3+ 58. Kb1 Ne7 59. Qd4+ Kf7 60. d6 Nd5 61. Qc4 Qf3 62. Nxa4 Ke6 63. d7 Ke7 64. Qc5+ Kf7 65. d8Q Qd1+ 66. Kb2 Qd2+ 67. Qc2 Qd4+ 68. Nc3 1-0